| 000 | 00627cam a2200205 a 4500 | ||
|---|---|---|---|
| 020 | _a9780821369272 | ||
| 020 | _a082136927X | ||
| 020 | _a9780821369289 (electronic) | ||
| 020 | _a0821369288 (electronic) | ||
| 040 | _cDLC | ||
| 082 | 0 | 0 | _a336 WOR 2008 A069 Or. |
| 245 | 0 | 0 |
_aPublic finance in China : _breform and growth for a harmonious society / |
| 260 |
_aWashington, D.C. : _bWorld Bank, _cc2008. |
||
| 300 |
_axxviii, 369 p. : _bill. ; _c23 cm. |
||
| 650 | 0 | _aFinance, Public | |
| 700 | 1 | _aLou, Jiwei, | |
| 700 | 1 | _aWang, Shuilin. | |
| 856 | 4 | 1 | _uhttp://www.loc.gov/catdir/toc/ecip0717/2007019064.html |
| 942 | _cEK | ||
| 999 |
_c14621 _d14621 |
||